000 00821nam a22003010a 4500
001 PT28785
003 AR-LpoUNG
005 20210131233444.0
008 191001s2006||||xxk|||||||||||||||||eng d
020 _a0582846927
_c$94.95
040 _aAR-LpoUNG
_bspa
_cAR-LpoUNG
_eaacr
041 _aeng
044 _axxk
082 0 _a428 268int
100 1 _aBarrall, Irene
245 1 0 _aIntelligent business :
_bpre-intermediate business english : skills book
250 _a1ra ed.
260 _aHarlow :
_bPearson Educación,
_c2006.
300 _a112 p. :
_bil., gráfs.
505 0 _aIncluye Cd-Rom
650 4 _aAPRENDIZAJE
650 4 _aENSEÑANZA DE IDIOMAS
650 4 _aLENGUA INGLESA
651 4 _aDOCUMENTOS TEORICOS O METODOLOGICOS
700 1 _aBarrall, Nikolas
905 _a28785
942 _cLIB
999 _c20728
_d20728